00605nam a22001817a 4500008004100000020001500041040001800056041000800074100002300082245007300105260006100178300003700239504005300276650001800329650002800347650003000375650001800405130821s1982 enka gr eng  a0521287693 aCo-BoUCMbspa00aeng1 aWeintraub, E. Roy.10aMathematics for economists an integrated approachcE. Roy Weintraub aCambridge (Inglaterra)bCambridge University Pressc1982 axi, 180 páginasbilustraciones aIncluye referencias bibliográficas e índice.04aEconometría04aEconomía matemática04aEconomíaxMetodología04aMatemáticas